LEADER 03427nam 22005533 450 001 9911069703103321 005 20240209080228.0 010 $a9788411036672 010 $a8411036677 035 $a(CKB)27451687700041 035 $a(MiAaPQ)EBC31129726 035 $a(Au-PeEL)EBL31129726 035 $a(OCoLC)1399429355 035 $a(FINmELB)ELB233138 035 $a(OCoLC)1420628325 035 $a(BIP)106568890 035 $a(EXLCZ)9927451687700041 100 $a20240209d2023 uy 0 101 0 $aspa 135 $aurcnu|||||||| 181 $ctxt$2rdacontent 182 $cc$2rdamedia 183 $acr$2rdacarrier 200 10$aInstalación y Configuración de Periféricos Microinformáticos. IFCT0309 205 $a1st ed. 210 1$aAntequera :$cIC Editorial,$d2023. 210 4$d©2023. 215 $a1 online resource (68 pages) 225 1 $aCertificado de Profesionalidad ; IFCT0309-Montaje y reparacio?n de sistemas microinforma?ticos 300 $aIncluye i?ndice. 311 08$a9788411036665 320 $aIncluye bibliografi?a. 327 $aIntro -- Título -- Copyright -- Presentación del manual -- Índice -- Capítulo 1 Descripción de dispositivos periféricos -- 1. Introducción -- 2. Tipos de dispositivos periféricos -- 3. Características técnicas y funcionales -- 4. Parámetros de configuracion -- 5. Recomendaciones de uso -- 6. Especificaciones técnicas -- 7. Resumen -- Ejercicios de repaso y autoevaluación -- Capítulo 2 Instalación y prueba de periféricos -- 1. Introducción -- 2. Procedimientos para el montaje de periféricos -- 3. Identificación de los requisitos de instalación -- 4. Instalación y configuración de periféricos: impresoras -- 5. Instalación y configuración de periféricos: escáner -- 6. Instalación y configuración de periféricos: lector óptico -- 7. Instalación y configuración de periféricos: altavoces, micrófonos y dispositivos multimedia -- 8. Instalación y configuración de periféricos: lector de cinta de backup -- 9. Instalación y configuración de otros periféricos -- 10. Instalación y configuración de tarjetas -- 11. Instalación de controladores y utilidades software -- 12. Realización de pruebas funcionales y operativas -- 13. Resumen -- Ejercicios de repaso y autoevaluación -- Bibliografía -- Glosario. 330 $aLibro especializado que se ajusta al desarrollo de la cualificacio?n profesional y adquisicio?n del certificado de profesionalidad "IFCT0309. MONTAJE Y REPARACIO?N DE SISTEMAS MICROINFORMA?TICOS". Manual imprescindible para la formacio?n y la capacitacio?n, que se basa en los principios de la cualificacio?n y dinamizacio?n del conocimiento, como premisas para la mejora de la empleabilidad y eficacia para el desempen?o del trabajo. 410 0$aCertificado de Profesionalidad ; IFCT0309-Montaje y reparacio?n de sistemas microinforma?ticos. 606 $aInforma?tica 608 $aLibros electro?nicos. 615 4$aInforma?tica. 676 $a016.004 700 $aMartín Alloza$b Jesús$01897432 701 $aCeacero García$b Aída$01897433 701 $aLuque Berrocal$b Joaquín$01897434 801 0$bMiAaPQ 801 1$bMiAaPQ 801 2$bMiAaPQ 906 $aBOOK 912 $a9911069703103321 996 $aInstalación y Configuración de Periféricos Microinformáticos. IFCT0309$94552606 997 $aUNINA